| 000 | 00350nam a22001337a 4500 | ||
|---|---|---|---|
| 020 | _a81-86111-13-1 | ||
| 082 | _a491.25 VEM V2 | ||
| 100 | _aVempati, Kutumbasastri | ||
| 245 | _aTeach Yourself Sanskrit: Dviteeya Deeksha | ||
| 260 |
_aNew Delhi _bRashtriya Sanskrit Sansthanam _c2017 |
||
| 300 | _a151 | ||
| 650 | _aSanskrit-Literature | ||
| 942 | _cBK | ||
| 999 |
_c20493 _d20493 |
||